|
|
|
|
| LEADER |
00000nab a2200000 a 4500 |
| 001 |
vtls000496015 |
| 003 |
SK-MaSNL |
| 005 |
20260318124022.0 |
| 008 |
230303c1993 xo 0 eng |
| 015 |
|
|
|a SNBRB19rr/mm-uuuuu
|
| 035 |
|
|
|a CL0496153
|
| 035 |
|
|
|a urn:nbn:sk:snk-ab7hlq
|
| 035 |
|
|
|a (urnnbn)urn:nbn:sk:snk:ar-005sx5
|
| 035 |
|
|
|a (uuid)849d4551-25fa-4412-8d24-13b5abbb0633
|
| 040 |
|
|
|a SNKBUCL
|b slo
|c SNKBUCL
|e AACR2
|
| 041 |
0 |
|
|a eng
|
| 044 |
|
|
|a xo
|c SK
|
| 080 |
|
|
|a 678.02:66.095.26:547.361.2
|2 1981
|
| 080 |
|
|
|a 547.361.2
|2 1981
|
| 080 |
|
|
|a 678.743
|2 1981
|
| 100 |
1 |
|
|a Fabíni, M.
|4 aut
|9 1271817
|
| 245 |
1 |
0 |
|a Thermally Modified Poly(Vinyl Alcohol) as a Protective Colloid in Suspension Polymerization of Vinyl Chloride
|c M. Fabíni, M. Rusina, V. Macho
|
| 300 |
|
|
|b Grafy 2, tab. 4, res. angl., lit. 15 zázn. v angl., slov.
|
| 650 |
0 |
7 |
|a vinylchlorid
|2 snkbucl
|9 177526
|
| 650 |
0 |
7 |
|a polymerizácia suspenzná
|2 snkbucl
|9 955920
|
| 650 |
0 |
7 |
|a polyvinylalkohol
|2 snkbucl
|9 1187950
|
| 655 |
|
7 |
|a články z novín a časopisov
|2 snkbucl
|9 267496
|
| 700 |
1 |
|
|a Rusina, M.
|4 aut
|9 1008306
|
| 700 |
1 |
|
|a Macho, Vendelín,
|d 1931-2011
|4 aut
|9 159871
|
| 773 |
0 |
|
|t Chemical papers. Chemické zvesti
|g Roč. 47, č. 1 (1993), s. 60-63
|x 0366-6352
|
| 850 |
|
|
|a Slovenská národná knižnica v Martine
|a MTA001
|
| 852 |
|
|
|a SNK
|b KIS3GCP
|
| 954 |
|
|
|a odborná, vedecká literatúra pôvodná (slovenská)
|2 lita
|
| 958 |
|
|
|a NB
|
| 958 |
|
|
|a RK
|
| 958 |
|
|
|a EUIPO
|
| 958 |
|
|
|a OND
|
| 958 |
|
|
|a article7
|
| 992 |
|
|
|a RBX
|
| 999 |
|
|
|c 2520421
|d 2522351
|